01299nam a2200277 a 4500001001000000005001700010041000800027044000800035084002100043100004500064245007800109260003700187300005000224500005300274500012600327500021200453500001100665546002400676650005200700650005600752650003400808650004500842700004800887700003600935740005000971BRCA_340320190320204250.0 aeng aenk a692b.C667c19221 aCervantes Saavedra, Miguel ded1547-161610aThe History of Don Quixote de la ManchacBy Miguel de Cervantes Saavedra. aLondresbConstable and Co.c1922 axxiv, 311 p.bil.c29 cm.e1 lámina a color aContenido : Texto. Compendio de la primera parte aEdición : Based on Shelton´s Translation of 1620 with Illustrations by Jean de Bosschére and an Essay by J. B. Trend aCompendio de la primera parte basado en la traducción de Thomas Shelton con un ensayo sobre Cervantes y el Quijote escrito por J. B. Trend. Tela; cubierta adornada con un asunto quijotesco Lúdovik Osterc aQM1200 aTexto en : inglés14aNovela españolayÉpoca clásica, 1500-170014aLiteratura españolayÉpoca clásica, 1500-170014aNovela españolaySiglo XVII14aDon Quijote (Personaje ficticio)eNovela1 aBosschére, Jean ded1881-1953eIlustrador1 aTrend, J. B.d1887-1958eEditor0 aEl Ingenioso Hidalgo Don Quijote de la Mancha